[Event "Selestat op"]
[Site "Selestat"]
[Date "2000.??.??"]
[Round "2"]
[White "Nevednichy, Vladislav"]
[Black "Zouhair, Issam"]
[Result "1-0"]
[WhiteElo "2589"]
[BlackElo "2122"]
[PlyCount "80"]
[EventDate "2000.03.??"]
[EventType "swiss"]
[EventRounds "9"]
[EventCountry "FRA"]
[SourceTitle "EXT 2001"]
[Source "ChessBase"]
[SourceDate "2000.11.22"]
[SourceVersion "1"]
[SourceVersionDate "2000.11.22"]
[SourceQuality "1"]

1. e4 e5 2. Nf3 Nf6 3. d4 Nxe4 4. Bd3 d5 5. Nxe5 Nd7 6. Nc3 Nxc3 7. bxc3 Nxe5 8. dxe5 Be6 9. Rb1 Bc5 10. 0-0 0-0 11. Kh1 Qd7 12. Qh5 g6 13. Qh4 b6 14. Bg5 Rfe8 15. Bf6 Bf8 16. Rbd1 c6 17. f4 Bf5 18. c4 Bg7 19. cxd5 cxd5 20. Bxg7 Kxg7 21. Qf6+ Kg8 22. Bxf5 Qxf5 23. Qxf5 gxf5 24. Rxd5 Rac8 25. Rf2 Rc3 26. g3 Rec8 27. Kg2 Ra3 28. c4 Rxc4 29. Kh3 Rca4 30. Rdd2 b5 31. Kh4 h6 32. g4 fxg4 33. Kxg4 Ra6 34. Kf5 Rg6 35. Rd8+ Kh7 36. Rc2 Rg8 37. Rd7 Rg7 38. Rcc7 Rxa2 39. Rxf7 Rxf7+ 40. Rxf7+ Kh8 1-0

[Event "Budapest FS11 IM-B"]
[Site "Budapest"]
[Date "1994.??.??"]
[Round "8"]
[White "Acs, Peter"]
[Black "Zouhair, Issam"]
[Result "1-0"]
[WhiteElo "2215"]
[BlackElo "2260"]
[PlyCount "61"]
[EventDate "1994.11.??"]
[EventType "tourn"]
[EventRounds "11"]
[EventCountry "HUN"]
[EventCategory "3"]
[SourceTitle "CBM 045 Extra"]
[Source "ChessBase"]
[SourceDate "1995.05.01"]
[SourceVersion "1"]
[SourceVersionDate "1995.05.01"]
[SourceQuality "1"]

1. e4 e6 2. d4 b6 3. Bd3 Bb7 4. Nf3 d5 5. exd5 Bxd5 6. Nc3 Bb4 7. 0-0 Bb7 8. Ne5 Nf6 9. Bg5 Bxc3 10. bxc3 Qd5 11. f3 Nbd7 12. Re1 Qa5 13. Bd2 Qa3 14. Rb1 Qe7 15. Bg5 h6 16. Bh4 g5 17. Bg3 Nxe5 18. Bxe5 Rg8 19. Bb5+ c6 20. Bf1 Rd8 21. a4 Rd5 22. c4 Ra5 23. Qd2 Nd7 24. Bg3 Rxa4 25. c5 Ba6 26. Bxa6 Rxa6 27. Bd6 Qd8 28. Qd3 b5 29. c4 bxc4 30. Qxc4 Ra5 31. Rxe6+ 1-0

[Event "Budapest FS11 IM-B"]
[Site "Budapest"]
[Date "1994.??.??"]
[Round "6"]
[White "Zeitlein, Michael"]
[Black "Zouhair, Issam"]
[Result "1/2-1/2"]
[WhiteElo "2440"]
[BlackElo "2260"]
[PlyCount "121"]
[EventDate "1994.11.??"]
[EventType "tourn"]
[EventRounds "11"]
[EventCountry "HUN"]
[EventCategory "3"]
[SourceTitle "CBM 045 Extra"]
[Source "ChessBase"]
[SourceDate "1995.05.01"]
[SourceVersion "1"]
[SourceVersionDate "1995.05.01"]
[SourceQuality "1"]

1. e4 c5 2. Nf3 Nc6 3. Bb5 d6 4. 0-0 Bd7 5. Re1 e6 6. c3 a6 7. Bxc6 Bxc6 8. d4 cxd4 9. cxd4 d5 10. Ne5 Nf6 11. Nxc6 bxc6 12. e5 Nd7 13. Qg4 c5 14. Nd2 cxd4 15. Nf3 d3 16. b3 Nc5 17. Bg5 Qa5 18. Bd2 Qb5 19. Nd4 Qb6 20. Be3 Qb7 21. Rad1 Qb4 22. Bd2 Qb7 23. Bc1 h5 24. Qf4 Be7 25. Ba3 d2 26. Rf1 Nd3 27. Qg3 Bxa3 28. Qxd3 Bc1 29. Ne2 Qb5 30. Qe3 Rc8 31. Nxc1 dxc1Q 32. Rxc1 0-0 33. h3 Qa5 34. Qe2 Qa3 35. Rc2 g6 36. Rd1 Rfd8 37. Rd4 Qa5 38. Kh2 Rxc2 39. Qxc2 Qe1 40. f4 Qe3 41. Qd3 Qf2 42. Qd2 Qxd2 43. Rxd2 Rc8 44. Rd4 a5 45. Ra4 Rc5 46. Kg3 Kf8 47. Kh4 Kg7 48. Kg5 Rb5 49. g4 hxg4 50. hxg4 d4 51. Rxd4 f6+ 52. Kh4 fxe5 53. Rd7+ Kf6 54. g5+ Kf5 55. Rf7+ Ke4 56. fxe5 Kxe5 57. Rf6 Rb4+ 58. Kg3 a4 59. Rxg6 axb3 60. axb3 Kf5 61. Rf6+ 1/2-1/2

[Event "Budapest FS11 IM-B"]
[Site "Budapest"]
[Date "1994.??.??"]
[Round "5"]
[White "Zouhair, Issam"]
[Black "Obodchuk, Andrei"]
[Result "0-1"]
[WhiteElo "2260"]
[BlackElo "2440"]
[PlyCount "110"]
[EventDate "1994.11.??"]
[EventType "tourn"]
[EventRounds "11"]
[EventCountry "HUN"]
[EventCategory "3"]
[SourceTitle "CBM 045 Extra"]
[Source "ChessBase"]
[SourceDate "1995.05.01"]
[SourceVersion "1"]
[SourceVersionDate "1995.05.01"]
[SourceQuality "1"]

1. e4 c5 2. Nf3 Nc6 3. d4 cxd4 4. Nxd4 Nf6 5. Nc3 d6 6. Bg5 Bd7 7. Qd2 Rc8 8. Be2 a6 9. 0-0 e6 10. Kh1 Be7 11. f4 0-0 12. Rad1 Qc7 13. Nf3 Rfd8 14. a3 Be8 15. Bd3 d5 16. Bxf6 Bxf6 17. e5 Be7 18. Qf2 g6 19. Qg3 Qb6 20. h4 Qxb2 21. Na4 Qxa3 22. Ra1 Qb4 23. Rfb1 Qa5 24. Nb6 Qc3 25. Na4 Qa5 26. Nb6 Qc5 27. Nxc8 Rxc8 28. Rxb7 Nb4 29. Qe1 Bc6 30. Rxb4 Qxb4 31. Qxb4 Bxb4 32. Rxa6 Bc5 33. Kh2 Bb7 34. Ra5 Be3 35. Kg3 Bc6 36. Ne1 Kg7 37. Nf3 Rb8 38. Ra6 Be8 39. Nh2 Rb4 40. Ng4 Bxf4+ 41. Kf3 Ba4 42. g3 Bd2 43. Ra8 Bc3 44. h5 gxh5 45. Nf6 Bxe5 46. Nxh5+ Kh6 47. g4 Bb5 48. Bxb5 Rxb5 49. Rf8 Rb7 50. Rg8 Rc7 51. Nf4 Bxf4 52. Kxf4 Rxc2 53. g5+ Kh5 54. Rg7 Rf2+ 55. Kg3 Rf5 0-1

[Event "Budapest FS11 IM-B"]
[Site "Budapest"]
[Date "1994.??.??"]
[Round "2"]
[White "Zouhair, Issam"]
[Black "Smolovic, Mile"]
[Result "0-1"]
[WhiteElo "2260"]
[BlackElo "2370"]
[PlyCount "100"]
[EventDate "1994.11.??"]
[EventType "tourn"]
[EventRounds "11"]
[EventCountry "HUN"]
[EventCategory "3"]
[SourceTitle "CBM 045 Extra"]
[Source "ChessBase"]
[SourceDate "1995.05.01"]
[SourceVersion "1"]
[SourceVersionDate "1995.05.01"]
[SourceQuality "1"]

1. c4 Nf6 2. Nf3 g6 3. g3 Bg7 4. Bg2 0-0 5. 0-0 d6 6. d4 Nbd7 7. Nc3 e5 8. dxe5 dxe5 9. Qc2 c6 10. Rd1 Qe7 11. e4 Re8 12. h3 Nf8 13. Be3 Nh5 14. Qe2 f5 15. exf5 gxf5 16. Bg5 Qf7 17. Rd6 Ne6 18. Bh4 Nd4 19. Qd1 Be6 20. Ng5 Qg6 21. Nxe6 Rxe6 22. Rxe6 Nxe6 23. Qd7 Qf7 24. Rd1 Nd4 25. Qxf7+ Kxf7 26. Kf1 e4 27. Ne2 c5 28. g4 Bf6 29. Bxf6 Nxf6 30. gxf5 Nxf5 31. Ng3 Nxg3+ 32. fxg3 h5 33. Re1 Re8 34. g4 hxg4 35. hxg4 Kg6 36. Kf2 Kg5 37. Kg3 b6 38. Re3 Re7 39. b3 a6 40. a4 a5 41. Bh1 Rd7 42. Bg2 Nxg4 43. Bh3 Nxe3 44. Bxd7 Nf5+ 45. Kf2 Kf4 46. Be8 Nd4 47. Bh5 Nxb3 48. Ke2 e3 49. Kd3 Nd2 50. Be2 Nf3 0-1